000 00554nam a22001817a 4500
005 20170821113621.0
010 _aENG-119730
020 _a9788126453535
_c350.00
035 _aEN-103262
037 _bDBAD/PUB
082 _a000
245 _aPSC typist manual /
_cedited by P. Vinod Kumar
260 _aKottayam (Kerala)
_biRank an imprint of Dc Books
_c2015
270 _aiRank an imprint of Dc Books
_bKottayam (Kerala)
_e686001
300 _a671p. :
_c24cm(pbk)
_bill.
700 _aVinod Kumar, P.
942 _2ddc
_cEN
_h000
_mPSC
999 _c143587
_d143587